Statistics for Capital Cities Without Letter U,R,B,A and N In Their Name

Click here to take the quiz!

General Stats

  • This quiz has been taken 38 times
    (18 since last reset)
  • The average score is 6 of 9

Answer Stats

Answer% Correct
Tokyo
100%
Dili
78%
Moscow
78%
Oslo
78%
Kiev
67%
Mexico City
67%
Stockholm
67%
Lome
56%
Skopje
33%

Score Distribution

Percentile by Number Answered

Percent of People with Each Score

Your Score History

You have not taken this quiz since the last reset